Представление документа в формате MARC21

Поле Инд. ПП Название Значение
Тип записи a
Библиографический уровень b
001 Контрольный номер RU/IS/BASE/267789562
005 Дата корректировки 20200630193135.2
008 Кодируемые данные 20080626
040 b Код языка каталог. rus
e Правила каталог. PSBO
041 0_ a Код языка текста rus
084 a Индекс другой классификации/Индекс ББК 83.3(7США)6
100 1_ a Автор Киреева Н. В.
245 10 a Заглавие Томас Пинчон: моделирование культового персонажа литературного поля
504 a Библиография Библиогр. - Примеч.: с. 138 - 139
600 14 a Персоналии Пинчон Томас
650 04 a Основная рубрика история литературы
a Основная рубрика литературоведение
a Основная рубрика филологические науки
653 1_ a Ключевые слова XX век
a Ключевые слова писатели
a Ключевые слова поведение автора
a Ключевые слова проза
a Ключевые слова США
773 08 t Заглавие источника Вестник Московского университета. Серия 9, Филология
d Дата издания источника 2007
g Прочая информация № 5. - С. 133 - 139
w Контрольный № источника RU/IS/BASE/261756274
901 t Тип документа b